000 01070cab a2200229 4500
001 L136205
008 070117n2007 000 0 eng u
035 _a(Sirsi) u136205
041 0 _aeng
050 _a333.333 $2 18
110 1 _aNationwide Building Society
_91019
245 0 0 _aNationwide quarterly review of house prices
_bDecember 2006
_h[electronic resource]
260 _aLondon
_bNationwide
_c2007
490 0 _aNationwide Quarterly Review of House Prices
_vDecember 2006
520 _aStronger house price growth across the whole of the UK pushed the annual rate of house price inflation in the UK up to 9.3% in the fourth quarter of 2006. This represents a £40 increase a day and pushed the price of a typical house up to £172,065. Tables.
590 _aKA
650 2 4 _aNATIONWIDE QUARTERLY REVIEW OF HOUSE PRICES
651 4 _aUnited Kingdom
_y
690 _aPROPERTY-RESIDENTIAL PROPERTY-RESIDENTIAL PROPERTY MARKET
856 4 0 _uhttps://nationwide.co.uk/hpi/review.htm
_zView the review free of charge at http://nationwide.co.uk...
942 _n0
999 _c78194
_d78194